Welcome to WEB OPAC of MRSPTU Central Library

The waite groups object-oriented progarmming in c ++ (Record no. 4871)

MARC details
000 -LEADER
fixed length control field 00412nam a2200157Ia 4500
008 - FIXED-LENGTH DATA ELEMENTS--GENERAL INFORMATION
fixed length control field 230711s9999||||xx |||||||||||||| ||und||
041 ## - LANGUAGE CODE
Language code of text/sound track or separate title ENG
082 ## - DEWEY DECIMAL CLASSIFICATION NUMBER
Classification number 5
Item number LA-P
100 ## - MAIN ENTRY--PERSONAL NAME
Personal name Lafore,Robert
245 #4 - TITLE STATEMENT
Title The waite groups object-oriented progarmming in c ++
250 ## - EDITION STATEMENT
Edition statement 3rd Ed.
260 ## - PUBLICATION, DISTRIBUTION, ETC.
Date of publication, distribution, etc. 2008
Place of publication, distribution, etc. New Delhi
Name of publisher, distributor, etc. Galgotia Publications Pvt.Ltd
300 ## - PHYSICAL DESCRIPTION
Extent 925
650 ## - SUBJECT ADDED ENTRY--TOPICAL TERM
Topical term or geographic name entry element Computer Engineering
942 ## - ADDED ENTRY ELEMENTS (KOHA)
Koha item type Book
Holdings
Withdrawn status Lost status Damaged status Not for loan Collection Home library Current library Date acquired Total checkouts Full call number Barcode Date last seen Date last checked out Price effective from Koha item type
          MRSPTU Central Library MRSPTU Central Library   1 5 LA-P 17386 05/20/2024 10/23/2023 08/17/2023 Book
          MRSPTU Central Library MRSPTU Central Library   1 5 LA-P 17387 08/30/2024 08/08/2024 08/17/2023 Book

Website Designed and Developed by MRSPTU Central Library Team

E-mail Id: librarian@mrsptu.ac.in